| 000 | 00951nam a2200277Ia 4500 | ||
|---|---|---|---|
| 003 | OSt | ||
| 005 | 20220918170924.0 | ||
| 006 | a|||||r|||| 00| 0 | ||
| 007 | ta | ||
| 008 | 220917b |||||||| |||| 00| 0 eng d | ||
| 020 |
_a9780821367629 (pbk) _c807.29 |
||
| 024 | _a236,439 | ||
| 037 |
_b141, 05/09/2008, Bharatiya Sahitya Bhavana _cTextual |
||
| 040 |
_aARTS _cARTS _beng |
||
| 041 |
_2eng _aeng |
||
| 082 | _aU671:(X:8), P8 | ||
| 100 |
_aAhmed Kulsum Ed. _932270 |
||
| 245 | 0 |
_aStrategic environmental assessment for policies _b an instrument for good governance |
|
| 260 |
_aWashington _bThe World Bank USA _c2008 |
||
| 300 |
_axiv,219p. _ccm. |
||
| 490 | _aEnviornment and development | ||
| 650 | _aGEOGRAPHY | ||
| 700 |
_a Ernesto Sanchez-Triana Ed. _932271 |
||
| 942 |
_hU671:(X:8), P8 _cTEXL _2CC |
||
| 999 |
_c136666 _d136666 |
||